000 005800000a22002170004500
003 LK-CoMWRAF
008 230817t ||||| |||| 00| 0 eng d
040 _aLK-CoMWRAF
_dLK-CoMWRAF
_eLK-CoMWRAF
041 _aeng
082 _a500
_bHAS
100 _aHassan,Riffat
245 _aWomen living under muslim laws
_b(Selected Articles)
260 _bWLUML
_aUnited Kingdom
_c1989
300 _ap.47
650 _aEquality -Woman-Man
650 _aFeminist Theology
650 _aWoman and Shariah
650 _aWomen in Islam
650 _aWomen in Muslim World
942 _cBK
999 _c2996
_d2996